[Event "Stay Safe Play From Home 327"]
[Site "Mustafa Kemal Atatürk"]
[Date "2020.07.23"]
[Round "4"]
[White "Ionelluca"]
[Black "Haxhi Baha"]
[Result "0-1"]
[WhiteElo "1872"]
[BlackElo "1921"]
[Annotator "NA"]
[PlyCount "90"]
[EventDate "2020.07.23"]
[EventType "swiss (blitz)"]

1. c4 {[%emt 0:00:02]} e5 {[%emt 0:00:01]} 2. Nc3 {[%emt 0:00:03]} Bc5 {[%emt 0:00:02]} 3. g3 {[%emt 0:00:02]} d6 {[%emt 0:00:01]} 4. Bg2 {[%emt 0:00:01]} c6 {[%emt 0:00:01]} 5. d3 {[%emt 0:00:01]} a6 {[%emt 0:00:01]} 6. Nf3 {[%emt 0:00:01]} Be6 {[%emt 0:00:06]} 7. Bd2 {[%emt 0:00:02]} h6 {[%emt 0:00:02]} 8. a3 {[%emt 0:00:02]} Qd7 {[%emt 0:00:01]} 9. Bh3 {[%emt 0:00:02]} Bxh3 {[%emt 0:00:03]} 10. Rg1 {[%emt 0:00:02]} Nf6 {[%emt 0:00:08]} 11. Rb1 {[%emt 0:00:01]} Bg4 {[%emt 0:00:17]} 12. b4 {[%emt 0:00:05]} Ba7 {[%emt 0:00:01]} 13. e3 {[%emt 0:00:13]} Qf5 {[%emt 0:00:07]} 14. Nh4 {[%emt 0:00:01]} Qxd3 {[%emt 0:00:10]} 15. Qc1 {[%emt 0:00:16]} Qxc4 {[%emt 0:00:06]} 16. f3 {[%emt 0:00:03]} Be6 {[%emt 0:00:03]} 17. g4 {[%emt 0:00:10]} Nbd7 {[%emt 0:00:12]} 18. Qc2 {[%emt 0:00:12]} Nd5 {[%emt 0:00:08]} 19. Ng2 {[%emt 0:00:19]} Nxc3 {[%emt 0:00:07]} 20. Bxc3 {[%emt 0:00:02]} Nf6 {[%emt 0:00:05]} 21. Qd2 {[%emt 0:00:07]} O-O-O {[%emt 0:00:14]} 22. Rc1 {[%emt 0:00:01]} Nd5 {[%emt 0:00:08]} 23. Bxe5 {[%emt 0:00:11]} Qxc1+ {[%emt 0:00:11]} 24. Qxc1 {[%emt 0:00:02]} dxe5 {[%emt 0:00:01]} 25. Kf2 {[%emt 0:00:07]} f5 {[%emt 0:00:14]} 26. gxf5 {[%emt 0:00:08]} Bxf5 {[%emt 0:00:00]} 27. h3 {[%emt 0:00:04]} Bxh3 {[%emt 0:00:05]} 28. Kg3 {[%emt 0:00:05]} Bxg2 {[%emt 0:00:01]} 29. Rxg2 {[%emt 0:00:02]} Bxe3 {[%emt 0:00:01]} 30. Qc4 {[%emt 0:00:03]} Bf4+ {[%emt 0:00:01]} 31. Kh3 {[%emt 0:00:03]} g5 {[%emt 0:00:02]} 32. Qe4 {[%emt 0:00:05]} Ne3 {[%emt 0:00:02]} 33. Rb2 {[%emt 0:00:09]} Rd1 {[%emt 0:00:01]} 34. Rb1 {[%emt 0:00:06]} Rxb1 {[%emt 0:00:02]} 35. Qxb1 {[%emt 0:00:02]} Rd8 {[%emt 0:00:01]} 36. a4 {[%emt 0:00:01]} Rd1 {[%emt 0:00:01]} 37. Qxd1 {[%emt 0:00:01]} Nxd1 {[%emt 0:00:00]} 38. Kg4 {[%emt 0:00:01]} Nc3 {[%emt 0:00:01]} 39. b5 {[%emt 0:00:02]} cxb5 {[%emt 0:00:02]} 40. axb5 {[%emt 0:00:01]} a5 {[%emt 0:00:00]} 41. Kf5 {[%emt 0:00:01]} a4 {[%emt 0:00:00]} 42. b6 {[%emt 0:00:00]} a3 {[%emt 0:00:00]} 43. Ke6 {[%emt 0:00:00]} a2 {[%emt 0:00:00]} 44. Kf5 {[%emt 0:00:01]} a1=Q {[%emt 0:00:00]} 45. Kg4 {[%emt 0:00:01] .} Qb2 {[%emt 0:00:00] Time (Lag: Av=3.60s, max=27.0s)} 0-1

[Event "Stay Safe Play From Home 327"]
[Site "Mustafa Kemal Atatürk"]
[Date "2020.07.23"]
[Round "4"]
[White "Padmaesh M K"]
[Black "SelamiSahin"]
[Result "0-1"]
[WhiteElo "1791"]
[BlackElo "2057"]
[Annotator "NA"]
[PlyCount "76"]
[EventDate "2020.07.23"]
[EventType "swiss (blitz)"]

1. Nf3 {[%emt 0:00:03]} d5 {[%emt 0:00:02]} 2. g3 {[%emt 0:00:01]} c6 {[%emt 0:00:02]} 3. Bg2 {[%emt 0:00:01]} Bf5 {[%emt 0:00:01]} 4. c4 {[%emt 0:00:01]} e6 {[%emt 0:00:03]} 5. d4 {[%emt 0:00:01]} Nf6 {[%emt 0:00:08]} 6. Nc3 {[%emt 0:00:01]} h6 {[%emt 0:00:03]} 7. O-O {[%emt 0:00:01]} Nbd7 {[%emt 0:00:03]} 8. c5 {[%emt 0:00:05]} Be7 {[%emt 0:00:02]} 9. Qb3 {[%emt 0:00:12]} b6 {[%emt 0:00:03]} 10. Qa4 {[%emt 0:00:03]} b5 {[%emt 0:00:08]} 11. Qd1 {[%emt 0:00:07]} a5 {[%emt 0:00:05]} 12. a3 {[%emt 0:00:04]} O-O {[%emt 0:00:03]} 13. Bf4 {[%emt 0:00:02]} Ne4 {[%emt 0:00:03]} 14. Ne5 {[%emt 0:00:13]} Nxe5 {[%emt 0:00:03]} 15. Bxe5 {[%emt 0:00:05]} Nxc3 {[%emt 0:00:03]} 16. bxc3 {[%emt 0:00:00]} Bf6 {[%emt 0:00:05]} 17. Bxf6 {[%emt 0:00:07]} Qxf6 {[%emt 0:00:00]} 18. f3 {[%emt 0:00:02]} e5 {[%emt 0:00:04]} 19. e4 {[%emt 0:00:03]} Be6 {[%emt 0:00:01]} 20. Qd3 {[%emt 0:00:08]} Rfd8 {[%emt 0:00:04]} 21. Rad1 {[%emt 0:00:07]} exd4 {[%emt 0:00:04]} 22. cxd4 {[%emt 0:00:04]} dxe4 {[%emt 0:00:03]} 23. fxe4 {[%emt 0:00:02]} Qg5 {[%emt 0:00:07]} 24. d5 {[%emt 0:00:07]} Bg4 {[%emt 0:00:03]} 25. Rd2 {[%emt 0:00:05]} b4 {[%emt 0:00:06]} 26. axb4 {[%emt 0:00:22]} axb4 {[%emt 0:00:00]} 27. Qd4 {[%emt 0:00:01]} b3 {[%emt 0:00:03]} 28. Bf3 {[%emt 0:00:03]} Bxf3 {[%emt 0:00:08]} 29. Rxf3 {[%emt 0:00:00]} Ra2 {[%emt 0:00:01]} 30. Rff2 {[%emt 0:00:08]} cxd5 {[%emt 0:00:03]} 31. exd5 {[%emt 0:00:01]} Rxd2 {[%emt 0:00:14]} 32. Rxd2 {[%emt 0:00:00]} Rb8 {[%emt 0:00:00]} 33. d6 {[%emt 0:00:05]} b2 {[%emt 0:00:05]} 34. Rxb2 {[%emt 0:00:06]} Qc1+ {[%emt 0:00:01]} 35. Kg2 {[%emt 0:00:04]} Rxb2+ {[%emt 0:00:02]} 36. Kh3 {[%emt 0:00:03]} Qf1+ {[%emt 0:00:01]} 37. Kh4 {[%emt 0:00:01]} Rxh2+ {[%emt 0:00:03]} 38. Kg4 {[%emt 0:00:05]} f5# {[%emt 0:00:11] (Lag: Av=0.56s, max=0.8s)} 0-1

[Event "Stay Safe Play From Home 327"]
[Site "Mustafa Kemal Atatürk"]
[Date "2020.07.23"]
[Round "4"]
[White "Tunca"]
[Black "Sfantul321"]
[Result "1-0"]
[WhiteElo "1735"]
[BlackElo "1956"]
[Annotator "NA"]
[PlyCount "129"]
[EventDate "2020.07.23"]
[EventType "swiss (blitz)"]

1. e4 {[%emt 0:00:02]} g6 {[%emt 0:00:02]} 2. d4 {[%emt 0:00:02]} d6 {[%emt 0:00:00]} 3. Nc3 {[%emt 0:00:02]} Bg7 {[%emt 0:00:00]} 4. f4 {[%emt 0:00:01]} Nf6 {[%emt 0:00:01]} 5. Nf3 {[%emt 0:00:00]} Bg4 {[%emt 0:00:01]} 6. h3 {[%emt 0:00:04]} Bxf3 {[%emt 0:00:01]} 7. Qxf3 {[%emt 0:00:00]} Nc6 {[%emt 0:00:01]} 8. Be3 {[%emt 0:00:02]} O-O {[%emt 0:00:01]} 9. Bc4 {[%emt 0:00:03]} e5 {[%emt 0:00:01]} 10. dxe5 {[%emt 0:00:08]} dxe5 {[%emt 0:00:01]} 11. Rd1 {[%emt 0:00:01]} Qe8 {[%emt 0:00:04]} 12. f5 {[%emt 0:00:03]} Nd4 {[%emt 0:00:05]} 13. Bxd4 {[%emt 0:00:07]} exd4 {[%emt 0:00:01]} 14. Rxd4 {[%emt 0:00:00]} Nh5 {[%emt 0:00:05]} 15. Rd1 {[%emt 0:00:20]} Bxc3+ {[%emt 0:00:03]} 16. bxc3 {[%emt 0:00:00]} Nf6 {[%emt 0:00:03]} 17. Bd3 {[%emt 0:00:15]} c5 {[%emt 0:00:03]} 18. fxg6 {[%emt 0:00:04]} fxg6 {[%emt 0:00:02]} 19. O-O {[%emt 0:00:03]} Kg7 {[%emt 0:00:03]} 20. e5 {[%emt 0:00:16]} Qxe5 {[%emt 0:00:02]} 21. Qxb7+ {[%emt 0:00:05]} Kh8 {[%emt 0:00:07]} 22. Rde1 {[%emt 0:00:09]} Qd5 {[%emt 0:00:13]} 23. Qxd5 {[%emt 0:00:15]} Nxd5 {[%emt 0:00:01]} 24. Be4 {[%emt 0:00:01]} Rxf1+ {[%emt 0:00:09]} 25. Rxf1 {[%emt 0:00:00]} Rd8 {[%emt 0:00:08]} 26. Rd1 {[%emt 0:00:01]} Re8 {[%emt 0:00:03]} 27. Bxd5 {[%emt 0:00:01]} Kg7 {[%emt 0:00:04]} 28. Bf3 {[%emt 0:00:04]} Rb8 {[%emt 0:00:03]} 29. Rd7+ {[%emt 0:00:01]} Kf6 {[%emt 0:00:01]} 30. Rxa7 {[%emt 0:00:01]} h5 {[%emt 0:00:01]} 31. Kf2 {[%emt 0:00:01]} Rb2 {[%emt 0:00:02]} 32. Be4 {[%emt 0:00:02]} g5 {[%emt 0:00:01]} 33. Ra6+ {[%emt 0:00:02]} Ke5 {[%emt 0:00:01]} 34. Bd3 {[%emt 0:00:02]} c4 {[%emt 0:00:01]} 35. Bxc4 {[%emt 0:00:04]} Rxc2+ {[%emt 0:00:01]} 36. Kg1 {[%emt 0:00:01]} Rxc3 {[%emt 0:00:01]} 37. Bb3 {[%emt 0:00:01]} g4 {[%emt 0:00:03]} 38. hxg4 {[%emt 0:00:01]} hxg4 {[%emt 0:00:01]} 39. Re6+ {[%emt 0:00:01]} Kf4 {[%emt 0:00:01]} 40. Kh2 {[%emt 0:00:02]} Rc1 {[%emt 0:00:04]} 41. Rf6+ {[%emt 0:00:03]} Kg5 {[%emt 0:00:02]} 42. Rb6 {[%emt 0:00:05]} Kf4 {[%emt 0:00:01]} 43. Rb4+ {[%emt 0:00:01]} Kg5 {[%emt 0:00:02]} 44. Kg3 {[%emt 0:00:00]} Rc3+ {[%emt 0:00:02]} 45. Kf2 {[%emt 0:00:00]} g3+ {[%emt 0:00:01]} 46. Ke2 {[%emt 0:00:02]} Kf5 {[%emt 0:00:02]} 47. Rc4 {[%emt 0:00:02]} Rxc4 {[%emt 0:00:03]} 48. Bxc4 {[%emt 0:00:00]} Ke4 {[%emt 0:00:00]} 49. Bb5 {[%emt 0:00:01]} Kd4 {[%emt 0:00:01]} 50. a4 {[%emt 0:00:01]} Kc5 {[%emt 0:00:01]} 51. Kf3 {[%emt 0:00:00]} Kd4 {[%emt 0:00:01]} 52. Kxg3 {[%emt 0:00:00]} Kc5 {[%emt 0:00:00]} 53. Kf4 {[%emt 0:00:01]} Kb6 {[%emt 0:00:00]} 54. g4 {[%emt 0:00:00]} Kc7 {[%emt 0:00:01]} 55. g5 {[%emt 0:00:00]} Kd6 {[%emt 0:00:01]} 56. g6 {[%emt 0:00:00]} Ke6 {[%emt 0:00:00]} 57. a5 {[%emt 0:00:01]} Kf6 {[%emt 0:00:00]} 58. a6 {[%emt 0:00:00]} Kxg6 {[%emt 0:00:01]} 59. a7 {[%emt 0:00:00]} Kf6 {[%emt 0:00:01]} 60. a8=Q {[%emt 0:00:00]} Ke6 {[%emt 0:00:00]} 61. Qc6+ {[%emt 0:00:00]} Ke7 {[%emt 0:00:01]} 62. Kf5 {[%emt 0:00:00]} Kf7 {[%emt 0:00:02]} 63. Qd7+ {[%emt 0:00:01]} Kg8 {[%emt 0:00:01]} 64. Kg6 {[%emt 0:00:01]} Kf8 {[%emt 0:00:01]} 65. Qf7# {[%emt 0:00:00] (Lag: Av=0.35s, max=0.8s)} 1-0

[Event "Stay Safe Play From Home 327"]
[Site "Mustafa Kemal Atatürk"]
[Date "2020.07.23"]
[Round "4"]
[White "Klasman"]
[Black "Justwatch"]
[Result "1-0"]
[WhiteElo "1476"]
[BlackElo "1465"]
[Annotator "NA"]
[PlyCount "121"]
[EventDate "2020.07.23"]
[EventType "swiss (blitz)"]

1. f4 {[%emt 0:00:01]} Nf6 {[%emt 0:00:00]} 2. Nf3 {[%emt 0:00:02]} d5 {[%emt 0:00:00]} 3. c4 {[%emt 0:00:01]} Bg4 {[%emt 0:00:00]} 4. cxd5 {[%emt 0:00:02]} Bxf3 {[%emt 0:00:01]} 5. exf3 {[%emt 0:00:03]} Qxd5 {[%emt 0:00:00]} 6. Nc3 {[%emt 0:00:02]} Nc6 {[%emt 0:00:01]} 7. Nxd5 {[%emt 0:00:02]} Nxd5 {[%emt 0:00:00]} 8. Bb5 {[%emt 0:00:02]} Nxf4 {[%emt 0:00:02]} 9. O-O {[%emt 0:00:02]} O-O-O {[%emt 0:00:02]} 10. Bxc6 {[%emt 0:00:02]} bxc6 {[%emt 0:00:00]} 11. Qa4 {[%emt 0:00:02]} Nd5 {[%emt 0:00:02]} 12. Qxa7 {[%emt 0:00:05]} Nb6 {[%emt 0:00:00]} 13. a4 {[%emt 0:00:05]} Rd3 {[%emt 0:00:03]} 14. a5 {[%emt 0:00:02]} Nd5 {[%emt 0:00:01]} 15. a6 {[%emt 0:00:02]} Nb6 {[%emt 0:00:02]} 16. Qb7+ {[%emt 0:00:01]} Kd7 {[%emt 0:00:00]} 17. a7 {[%emt 0:00:05]} e6 {[%emt 0:00:00]} 18. a8=Q {[%emt 0:00:04]} Nxa8 {[%emt 0:00:00]} 19. Rxa8 {[%emt 0:00:01]} g6 {[%emt 0:00:00]} 20. Qc8+ {[%emt 0:00:06]} Ke7 {[%emt 0:00:02]} 21. Qe8+ {[%emt 0:00:04]} Kf6 {[%emt 0:00:01]} 22. f4 {[%emt 0:00:05]} Bc5+ {[%emt 0:00:01]} 23. Kh1 {[%emt 0:00:03]} Rxe8 {[%emt 0:00:00]} 24. Rxe8 {[%emt 0:00:01]} Kf5 {[%emt 0:00:01]} 25. Rh8 {[%emt 0:00:04]} h5 {[%emt 0:00:02]} 26. Rh7 {[%emt 0:00:01]} Kf6 {[%emt 0:00:01]} 27. b3 {[%emt 0:00:02]} Ke7 {[%emt 0:00:02]} 28. Bb2 {[%emt 0:00:02]} Rxb3 {[%emt 0:00:02]} 29. Bc3 {[%emt 0:00:01]} Rb5 {[%emt 0:00:07]} 30. h3 {[%emt 0:00:01]} Bd6 {[%emt 0:00:01]} 31. g4 {[%emt 0:00:02]} hxg4 {[%emt 0:00:01]} 32. hxg4 {[%emt 0:00:01]} Rc5 {[%emt 0:00:00]} 33. f5 {[%emt 0:00:02]} exf5 {[%emt 0:00:01]} 34. Re1+ {[%emt 0:00:05]} Kd7 {[%emt 0:00:02]} 35. Rxf7+ {[%emt 0:00:02]} Kc8 {[%emt 0:00:01]} 36. gxf5 {[%emt 0:00:05]} gxf5 {[%emt 0:00:01]} 37. Rg1 {[%emt 0:00:04]} f4 {[%emt 0:00:02]} 38. Rg8+ {[%emt 0:00:01]} Kb7 {[%emt 0:00:01]} 39. Rff8 {[%emt 0:00:01]} Rh5+ {[%emt 0:00:04]} 40. Kg2 {[%emt 0:00:02]} Bxf8 {[%emt 0:00:01]} 41. Rxf8 {[%emt 0:00:01]} Rh4 {[%emt 0:00:01]} 42. Kf3 {[%emt 0:00:02]} Kb6 {[%emt 0:00:01]} 43. Rxf4 {[%emt 0:00:02]} Rh3+ {[%emt 0:00:00]} 44. Ke4 {[%emt 0:00:02]} Kb5 {[%emt 0:00:03]} 45. Rf5+ {[%emt 0:00:03]} c5 {[%emt 0:00:01]} 46. Be5 {[%emt 0:00:06]} Kb4 {[%emt 0:00:03]} 47. Bxc7 {[%emt 0:00:02]} c4 {[%emt 0:00:01]} 48. Bd6+ {[%emt 0:00:02]} Kb3 {[%emt 0:00:01]} 49. Rc5 {[%emt 0:00:04]} Rd3 {[%emt 0:00:03]} 50. Bf4 {[%emt 0:00:03]} Rd8 {[%emt 0:00:04]} 51. Rb5+ {[%emt 0:00:02]} Kc2 {[%emt 0:00:02]} 52. Be3 {[%emt 0:00:05]} c3 {[%emt 0:00:03]} 53. d4 {[%emt 0:00:03]} Kd1 {[%emt 0:00:03]} 54. d5 {[%emt 0:00:03]} c2 {[%emt 0:00:01]} 55. Rc5 {[%emt 0:00:01]} Ke2 {[%emt 0:00:13]} 56. Rxc2+ {[%emt 0:00:03]} Ke1 {[%emt 0:00:01]} 57. Kf3 {[%emt 0:00:04]} Rxd5 {[%emt 0:00:03]} 58. Rc1+ {[%emt 0:00:01]} Rd1 {[%emt 0:00:01]} 59. Bf2+ {[%emt 0:00:10]} Kd2 {[%emt 0:00:01]} 60. Be3+ {[%emt 0:00:06]} Ke1 {[%emt 0:00:02]} 61. Rc8 {[%emt 0:00:06] Justwatch terk eder (Lag: Av=0.56s, max=1.2s)} 1-0

[Event "Stay Safe Play From Home 327"]
[Site "Mustafa Kemal Atatürk"]
[Date "2020.07.23"]
[Round "5"]
[White "Sfantul321"]
[Black "Timbre"]
[Result "1-0"]
[WhiteElo "1930"]
[BlackElo "1654"]
[Annotator "NA"]
[PlyCount "71"]
[EventDate "2020.07.23"]
[EventType "swiss (blitz)"]

1. c4 {[%emt 0:00:09]} c6 {[%emt 0:00:02]} 2. Nc3 {[%emt 0:00:01]} d5 {[%emt 0:00:01]} 3. cxd5 {[%emt 0:00:01]} cxd5 {[%emt 0:00:01]} 4. d4 {[%emt 0:00:00]} Nc6 {[%emt 0:00:02]} 5. Nf3 {[%emt 0:00:01]} a6 {[%emt 0:00:02]} 6. Bf4 {[%emt 0:00:01]} Nf6 {[%emt 0:00:01]} 7. e3 {[%emt 0:00:01]} e6 {[%emt 0:00:01]} 8. h3 {[%emt 0:00:01]} Bd6 {[%emt 0:00:01]} 9. Bg5 {[%emt 0:00:01]} h6 {[%emt 0:00:03]} 10. Bh4 {[%emt 0:00:01]} g5 {[%emt 0:00:02]} 11. Bg3 {[%emt 0:00:01]} Bxg3 {[%emt 0:00:02]} 12. fxg3 {[%emt 0:00:01]} Qd6 {[%emt 0:00:04]} 13. g4 {[%emt 0:00:02]} Qg3+ {[%emt 0:00:06]} 14. Kd2 {[%emt 0:00:02]} Qf2+ {[%emt 0:00:08]} 15. Qe2 {[%emt 0:00:01]} Qg3 {[%emt 0:00:05]} 16. Re1 {[%emt 0:00:03]} Bd7 {[%emt 0:00:03]} 17. Kc1 {[%emt 0:00:01]} O-O-O {[%emt 0:00:03]} 18. Kb1 {[%emt 0:00:01]} Kb8 {[%emt 0:00:05]} 19. Qd2 {[%emt 0:00:03]} Ne4 {[%emt 0:00:11]} 20. Qc2 {[%emt 0:00:04]} Nxc3+ {[%emt 0:00:06]} 21. bxc3 {[%emt 0:00:03]} Rc8 {[%emt 0:00:03]} 22. Ka1 {[%emt 0:00:03]} Na5 {[%emt 0:00:05]} 23. Rb1 {[%emt 0:00:02]} Nc4 {[%emt 0:00:05]} 24. Rb4 {[%emt 0:00:08]} Nxe3 {[%emt 0:00:11]} 25. Qb1 {[%emt 0:00:03]} Bc6 {[%emt 0:00:20]} 26. Ne5 {[%emt 0:00:02]} Nc4 {[%emt 0:00:35]} 27. Bxc4 {[%emt 0:00:07]} dxc4 {[%emt 0:00:03]} 28. Nxc6+ {[%emt 0:00:02]} Rxc6 {[%emt 0:00:02]} 29. Rxb7+ {[%emt 0:00:02]} Ka8 {[%emt 0:00:04]} 30. Rc1 {[%emt 0:00:02]} Rhc8 {[%emt 0:00:11]} 31. Rxf7 {[%emt 0:00:05]} R6c7 {[%emt 0:00:06]} 32. Rf6 {[%emt 0:00:04]} Rb7 {[%emt 0:00:02]} 33. Qc2 {[%emt 0:00:02]} Rcb8 {[%emt 0:00:01]} 34. Rxe6 {[%emt 0:00:04]} Ka7 {[%emt 0:00:01]} 35. Qa4 {[%emt 0:00:04]} Rb6 {[%emt 0:00:02]} 36. Re7+ {[%emt 0:00:03] (Lag: Av=0.36s, max=0.6s)} 1-0

[Event "Stay Safe Play From Home 327"]
[Site "Mustafa Kemal Atatürk"]
[Date "2020.07.23"]
[Round "5"]
[White "Greblha"]
[Black "Ionelluca"]
[Result "0-1"]
[WhiteElo "1916"]
[BlackElo "1857"]
[PlyCount "94"]
[EventDate "2020.07.23"]
[EventType "swiss (blitz)"]

1. e4 {[%emt 0:00:01]} d6 {[%emt 0:00:01]} 2. d4 {[%emt 0:00:01]} Nf6 {[%emt 0:00:00]} 3. Nc3 {[%emt 0:00:00]} c6 {[%emt 0:00:01]} 4. f3 {[%emt 0:00:01]} Nbd7 {[%emt 0:00:02]} 5. Be3 {[%emt 0:00:01]} e5 {[%emt 0:00:01]} 6. Nge2 {[%emt 0:00:01]} b5 {[%emt 0:00:02]} 7. Qd2 {[%emt 0:00:01]} a6 {[%emt 0:00:03]} 8. Rd1 {[%emt 0:00:01]} Qc7 {[%emt 0:00:01]} 9. g3 {[%emt 0:00:02]} Nb6 {[%emt 0:00:01]} 10. b3 {[%emt 0:00:03]} Be7 {[%emt 0:00:08]} 11. Bg2 {[%emt 0:00:01]} O-O {[%emt 0:00:03]} 12. O-O {[%emt 0:00:00]} Bb7 {[%emt 0:00:09]} 13. h3 {[%emt 0:00:02]} Rad8 {[%emt 0:00:02]} 14. f4 {[%emt 0:00:02]} c5 {[%emt 0:00:02]} 15. d5 {[%emt 0:00:02]} b4 {[%emt 0:00:03]} 16. Nb1 {[%emt 0:00:06]} a5 {[%emt 0:00:05]} 17. c4 {[%emt 0:00:02]} Rfe8 {[%emt 0:00:03]} 18. fxe5 {[%emt 0:00:03]} dxe5 {[%emt 0:00:01]} 19. g4 {[%emt 0:00:05]} Nc8 {[%emt 0:00:02]} 20. Ng3 {[%emt 0:00:02]} Nd6 {[%emt 0:00:03]} 21. Qc2 {[%emt 0:00:03]} Rf8 {[%emt 0:00:07]} 22. Nd2 {[%emt 0:00:01]} a4 {[%emt 0:00:02]} 23. Nf5 {[%emt 0:00:01]} Nxf5 {[%emt 0:00:02]} 24. Rxf5 {[%emt 0:00:02]} Bc8 {[%emt 0:00:02]} 25. Rf2 {[%emt 0:00:03]} Bd7 {[%emt 0:00:05]} 26. Rdf1 {[%emt 0:00:05]} Ra8 {[%emt 0:00:02]} 27. Nf3 {[%emt 0:00:03]} h6 {[%emt 0:00:10]} 28. Qb2 {[%emt 0:00:06]} Nxe4 {[%emt 0:00:04]} 29. Rc2 {[%emt 0:00:12]} Bf6 {[%emt 0:00:05]} 30. Ne1 {[%emt 0:00:14]} axb3 {[%emt 0:00:01]} 31. axb3 {[%emt 0:00:03]} Ng3 {[%emt 0:00:04]} 32. Rf3 {[%emt 0:00:03]} e4 {[%emt 0:00:01]} 33. Bf4 {[%emt 0:00:01]} Qa7 {[%emt 0:00:14]} 34. Rxg3 {[%emt 0:00:19]} Bxb2 {[%emt 0:00:02]} 35. Rxb2 {[%emt 0:00:01]} f6 {[%emt 0:00:06]} 36. Bxe4 {[%emt 0:00:05]} Qa1 {[%emt 0:00:01]} 37. Re2 {[%emt 0:00:06]} Ra2 {[%emt 0:00:02]} 38. Rge3 {[%emt 0:00:03]} Re8 {[%emt 0:00:08]} 39. Bh7+ {[%emt 0:00:07]} Kxh7 {[%emt 0:00:02]} 40. Rxe8 {[%emt 0:00:01]} Bxe8 {[%emt 0:00:02]} 41. Rxe8 {[%emt 0:00:01]} Qd4+ {[%emt 0:00:17]} 42. Be3 {[%emt 0:00:01]} Qb2 {[%emt 0:00:01]} 43. d6 {[%emt 0:00:03]} Qh2+ {[%emt 0:00:04]} 44. Kf1 {[%emt 0:00:00]} Qxh3+ {[%emt 0:00:02]} 45. Kg1 {[%emt 0:00:01]} Qxg4+ {[%emt 0:00:03]} 46. Kf1 {[%emt 0:00:01]} Qe2+ {[%emt 0:00:01]} 47. Kg1 {[%emt 0:00:01]} Qxe1# {[%emt 0:00:01] (Lag: Av=0.45s, max=1.0s)} 0-1

[Event "Stay Safe Play From Home 327"]
[Site "Mustafa Kemal Atatürk"]
[Date "2020.07.23"]
[Round "5"]
[White "Haris kollari 13"]
[Black "SelamiSahin"]
[Result "0-1"]
[WhiteElo "1865"]
[BlackElo "2075"]
[Annotator "NA"]
[PlyCount "88"]
[EventDate "2020.07.23"]
[EventType "swiss (blitz)"]

1. e4 {[%emt 0:00:01]} c6 {[%emt 0:00:03]} 2. f4 {[%emt 0:00:02]} d5 {[%emt 0:00:01]} 3. e5 {[%emt 0:00:01]} Bf5 {[%emt 0:00:02]} 4. Nf3 {[%emt 0:00:01]} e6 {[%emt 0:00:06]} 5. b3 {[%emt 0:00:01]} h5 {[%emt 0:00:04]} 6. d4 {[%emt 0:00:03]} c5 {[%emt 0:00:01]} 7. c3 {[%emt 0:00:01]} Nc6 {[%emt 0:00:03]} 8. Bd3 {[%emt 0:00:13]} Bxd3 {[%emt 0:00:01]} 9. Qxd3 {[%emt 0:00:01]} cxd4 {[%emt 0:00:04]} 10. cxd4 {[%emt 0:00:01]} Nh6 {[%emt 0:00:00]} 11. O-O {[%emt 0:00:04]} Nf5 {[%emt 0:00:01]} 12. a3 {[%emt 0:00:06]} Qb6 {[%emt 0:00:03]} 13. Bb2 {[%emt 0:00:01]} a5 {[%emt 0:00:03]} 14. Nbd2 {[%emt 0:00:01]} Be7 {[%emt 0:00:03]} 15. Rac1 {[%emt 0:00:02]} O-O {[%emt 0:00:03]} 16. h3 {[%emt 0:00:03]} g6 {[%emt 0:00:03]} 17. g4 {[%emt 0:00:05]} hxg4 {[%emt 0:00:05]} 18. hxg4 {[%emt 0:00:01]} Nh6 {[%emt 0:00:05]} 19. Nh2 {[%emt 0:00:07]} Kg7 {[%emt 0:00:03]} 20. Rf3 {[%emt 0:00:15]} Qa6 {[%emt 0:00:01]} 21. Qe3 {[%emt 0:00:08]} Rh8 {[%emt 0:00:04]} 22. Rh3 {[%emt 0:00:02]} Rh7 {[%emt 0:00:05]} 23. Kg2 {[%emt 0:00:13]} Rah8 {[%emt 0:00:03]} 24. Rc3 {[%emt 0:00:08]} Qb5 {[%emt 0:00:04]} 25. a4 {[%emt 0:00:07]} Qb6 {[%emt 0:00:02]} 26. Rc2 {[%emt 0:00:08]} Nb4 {[%emt 0:00:05]} 27. Rc1 {[%emt 0:00:02]} Nc6 {[%emt 0:00:03]} 28. Bc3 {[%emt 0:00:04]} Bb4 {[%emt 0:00:08]} 29. Bxb4 {[%emt 0:00:02]} Qxb4 {[%emt 0:00:03]} 30. Ndf1 {[%emt 0:00:04]} Qxd4 {[%emt 0:00:02]} 31. Qxd4 {[%emt 0:00:05]} Nxd4 {[%emt 0:00:00]} 32. Rc7 {[%emt 0:00:02]} Ne2 {[%emt 0:00:13]} 33. Rf3 {[%emt 0:00:11]} Rb8 {[%emt 0:00:01]} 34. Ne3 {[%emt 0:00:12]} Nd4 {[%emt 0:00:03]} 35. Rf2 {[%emt 0:00:03]} Nxb3 {[%emt 0:00:01]} 36. Rb2 {[%emt 0:00:05]} Nd4 {[%emt 0:00:05]} 37. Rbxb7 {[%emt 0:00:03]} Rxb7 {[%emt 0:00:02]} 38. Rxb7 {[%emt 0:00:00]} Rh8 {[%emt 0:00:05]} 39. Ra7 {[%emt 0:00:02]} Nb3 {[%emt 0:00:07]} 40. Nc2 {[%emt 0:00:03]} Rc8 {[%emt 0:00:03]} 41. Na3 {[%emt 0:00:02]} Rc3 {[%emt 0:00:07]} 42. Nb5 {[%emt 0:00:02]} Rc2+ {[%emt 0:00:03]} 43. Kg3 {[%emt 0:00:01]} Rd2 {[%emt 0:00:05]} 44. Nd6 {[%emt 0:00:01]} Rd4 {[%emt 0:00:02] Time (Lag: Av=0.55s, max=1.1s)} 0-1

[Event "Stay Safe Play From Home 327"]
[Site "Mustafa Kemal Atatürk"]
[Date "2020.07.23"]
[Round "5"]
[White "Tunca"]
[Black "Padmaesh M K"]
[Result "1-0"]
[WhiteElo "1761"]
[BlackElo "1785"]
[Annotator "NA"]
[PlyCount "73"]
[EventDate "2020.07.23"]
[EventType "swiss (blitz)"]

1. e4 {[%emt 0:00:09]} c5 {[%emt 0:00:02]} 2. Nf3 {[%emt 0:00:01]} d6 {[%emt 0:00:02]} 3. d4 {[%emt 0:00:00]} cxd4 {[%emt 0:00:01]} 4. Nxd4 {[%emt 0:00:00]} Nf6 {[%emt 0:00:02]} 5. Nc3 {[%emt 0:00:01]} a5 {[%emt 0:00:01]} 6. Bc4 {[%emt 0:00:06]} e5 {[%emt 0:00:12]} 7. Ndb5 {[%emt 0:00:04]} Nc6 {[%emt 0:00:05]} 8. Bg5 {[%emt 0:00:05]} Be7 {[%emt 0:00:07]} 9. O-O {[%emt 0:00:05]} Be6 {[%emt 0:00:16]} 10. Bb3 {[%emt 0:00:15]} Na7 {[%emt 0:00:14]} 11. Ba4 {[%emt 0:00:10]} O-O {[%emt 0:00:40]} 12. Bxf6 {[%emt 0:00:03]} gxf6 {[%emt 0:00:00]} 13. Nd5 {[%emt 0:00:06]} Nxb5 {[%emt 0:00:14]} 14. Bxb5 {[%emt 0:00:01]} f5 {[%emt 0:00:02]} 15. Qf3 {[%emt 0:01:12]} fxe4 {[%emt 0:00:12]} 16. Qxe4 {[%emt 0:00:01]} f5 {[%emt 0:00:06]} 17. Nxe7+ {[%emt 0:00:01]} Qxe7 {[%emt 0:00:03]} 18. Qd3 {[%emt 0:00:11]} Rf7 {[%emt 0:00:08]} 19. Rad1 {[%emt 0:00:02]} Rd8 {[%emt 0:00:02]} 20. Bc4 {[%emt 0:00:02]} Rg7 {[%emt 0:00:04]} 21. Rd2 {[%emt 0:00:04]} Kh8 {[%emt 0:00:04]} 22. Bxe6 {[%emt 0:00:03]} Qxe6 {[%emt 0:00:01]} 23. Rfd1 {[%emt 0:00:02]} Qg6 {[%emt 0:00:02]} 24. g3 {[%emt 0:00:00]} Rgd7 {[%emt 0:00:04]} 25. Kg2 {[%emt 0:00:02]} d5 {[%emt 0:00:02]} 26. Qb5 {[%emt 0:00:01]} f4 {[%emt 0:00:08]} 27. Qxa5 {[%emt 0:00:05]} Qe4+ {[%emt 0:00:02]} 28. Kg1 {[%emt 0:00:01]} f3 {[%emt 0:00:01]} 29. Qc3 {[%emt 0:00:02]} d4 {[%emt 0:00:01]} 30. Qd3 {[%emt 0:00:01]} Qc6 {[%emt 0:00:01]} 31. Qf5 {[%emt 0:00:01]} Qd6 {[%emt 0:00:01]} 32. Qe4 {[%emt 0:00:01]} Re7 {[%emt 0:00:01]} 33. Qxf3 {[%emt 0:00:01]} Rde8 {[%emt 0:00:00]} 34. Qg4 {[%emt 0:00:00]} Rg8 {[%emt 0:00:01]} 35. Qe4 {[%emt 0:00:01]} Reg7 {[%emt 0:00:00]} 36. Rd3 {[%emt 0:00:00]} Qf6 {[%emt 0:00:00]} 37. Rf3 {[%emt 0:00:00] Time (Lag: Av=0.43s, max=0.5s)} 1-0